Orígenes del español americano : reconstrucción de la pronunciación /

שמור ב:
מידע ביבליוגרפי
מחבר ראשי: Parodi, Claudia (autor)
פורמט: ספר
שפה:ספרדית
יצא לאור: México : UNAM, Instituto de Investigaciones Filológicas, 1995, c1995
סדרה:(Centro de Lingüística Hispánica ; 41)
נושאים:
תגים: הוספת תג
אין תגיות, היה/י הראשונ/ה לתייג את הרשומה!

MARC

LEADER 00000nam^a2200000^a^4500
001 000174340
005 20250521000000.0
009 20260310101526.178
020 |a 968-36-4671-9 
037 |a Acervo ITESO - Biblioteca 
041 |a ESP 
082 |a 467. 980  |b PAR V. 1 
100 |a Parodi, Claudia  |e (autor) 
240 1 1 |a [Orígenes del español americano] 
245 1 0 |a Orígenes del español americano :  |b reconstrucción de la pronunciación /  |c C. Parodi. 
264 4 |a México :  |b UNAM, Instituto de Investigaciones Filológicas,  |c 1995, c1995 
300 |a 236 p. 
336 |a texto  |b txt  |2 rdacontenido 
337 |a sin mediación  |b n  |2 rdamedio 
338 |a volumen  |b nc  |2 rdasoporte 
440 1 |a (Centro de Lingüística Hispánica ;  |v 41) 
649 |a XX 
650 |a Análisis del Discurso -  |z América -  |x Historia -  |y Siglo XVI 
650 |a Análisis del Discurso -  |z América -  |x Historia -  |y Epoca Colonial 
650 |a Manuscritos -  |z América -  |x Historia -  |y Siglo XVI 
650 |a Manuscritos -  |z América -  |x Historia -  |y Epoca Colonial 
650 |a Dialecto -  |z América -  |x Historia -  |y Siglo XVI 
650 |a Dialecto -  |z América -  |x Historia -  |y Epoca Colonial 
650 |a Palabras Extranjeras -  |z América -  |x Historia 
650 |a Fonología -  |z América -  |x Historia 
650 |a Gramática 
650 |a Español en América -  |x Historia -  |y Siglo XVI 
650 |a Español en América -  |x Historia -  |y Epoca Colonial 
650 |a Lenguas Romances -  |x Historia -  |y Siglo XVI 
650 |a Lenguaje y Lenguas 
650 |a Lingüística 
910 |a Fondo General 
920 |a Impresos - Libros 
930 |a Colección General 
905 |a 101 
901 |a 0500111922  |b IT1  |c ACC  |u 20250521 
902 |a https://opac.biblio.iteso.mx/vufind/Record/000174340